| 000 | 00497nam a2200193 a 4500 | ||
|---|---|---|---|
| 001 | 1758096253936 | ||
| 003 | ACL | ||
| 005 | 20250917133613.0 | ||
| 008 | 250917s2001##################000#0#eng## | ||
| 020 | _a9780521785600 | ||
| 082 | 0 | 4 |
_a791.45750830941 _bDAV |
| 100 | 1 |
_aDavies, Máire Messenger, _eauthor. |
|
| 245 | 1 | 0 | _a'Dear BBC' : |
| 260 |
_bCambridge University Press, _c2001. |
||
| 300 | _a194 pages | ||
| 650 | 0 | _aBusiness & Economics. | |
| 942 | _cENGLISH | ||
| 040 |
_aACL _beng _cACL |
||
| 999 |
_c587660 _d587660 |
||